000 00930nam a2200265Ia 4500
003 OSt
005 20220923225227.0
006 a|||||r|||| 00| 0
007 ta
008 Pun
020 _c100
024 _a260,734
037 _b545, 02/12/2011, H.K. Prakashan
_cTextual
040 _aARTS
_cARTS
_bPun
041 _2Pun
_aPun
082 _aO153,2N08:g, Q0
100 _aਗਿੱਲ, ਤੇਜਵੰਤ ਸਿੰਘ, ਥਦ.
245 0 _aਸੰਤ ਸਿੰਘ ਸੇਖੋ੍ਵ
_b ਜੀਵਨ ਅਤੇ ਦਰFਨ
260 _aਦਿੱਲੀ
_b ਪੰਜਾਬੀ ਅਕਾਦਮੀ
_c2010
300 _a126ਪੰ
_ccm.
650 _a ਨਾਟਕ ਪੰਜਾਬੀ ਆਲੋਚਨਾ
650 _aਪੰਜਾਬੀ ਸਾਹਿਤ
942 _hO153,2N08:g, Q0
_cTEXL
_2CC
999 _c376845
_d376845